[Event "Politiken Cup 2007"]
[Site "Helsingor"]
[Date "2007.07.29"]
[Round "10.64"]
[White "Schultz-Pedersen, Jesper"]
[Black "Andersen, Rune Egede"]
[Result "1-0"]
[WhiteElo "2204"]
[BlackElo "2016"]
[PlyCount "40"]
[EventDate "2007.??.??"]

1. e4 e6 2. d4 d5 3. e5 c5 4. Qg4 Nc6 5. Nf3 Qc7 6. Bd3 f5 7. Qg3 g6 8. O-O Bg7
9. Na3 Nxd4 10. Nxd4 Bxe5 11. Qh4 cxd4 12. Nb5 Qe7 13. Bg5 Qg7 14. Rfe1 h6 15.
Bf4 Bf6 16. Qg3 Bd8 17. Bxf5 Ne7 18. Nd6+ Kf8 19. Bxe6 Bxe6 20. Rxe6 Nf5 1-0

[Event "Politiken Cup 2007"]
[Site "Helsingor"]
[Date "2007.07.29"]
[Round "10.65"]
[White "Danielsson, Robert"]
[Black "Flindt, Thomas"]
[Result "1/2-1/2"]
[WhiteElo "1973"]
[BlackElo "2196"]
[PlyCount "56"]
[EventDate "2007.??.??"]

1. d4 Nf6 2. c4 e5 3. dxe5 Ne4 4. a3 d6 5. Nf3 Nc6 6. Nbd2 Nxd2 7. Bxd2 dxe5 8.
Bc3 Qxd1+ 9. Rxd1 f6 10. e3 Bd7 11. Be2 O-O-O 12. O-O Be7 13. Rd2 Be6 14. Rfd1
Rxd2 15. Rxd2 Rd8 16. Rxd8+ Nxd8 17. Bd3 g6 18. Kf1 Nf7 19. Ne1 Kd7 20. Ke2 Nd6
21. f3 Nc8 22. a4 Nb6 23. b3 Ke8 24. Be4 c6 25. a5 Nd7 26. a6 Kd8 27. axb7 Kc7
28. g4 Kxb7 1/2-1/2

[Event "Politiken Cup 2007"]
[Site "Helsingor"]
[Date "2007.07.29"]
[Round "10.66"]
[White "Petersen, Peter Birk"]
[Black "Mamak, Wojciech"]
[Result "1-0"]
[WhiteElo "2187"]
[BlackElo "1985"]
[PlyCount "101"]
[EventDate "2007.??.??"]

1. e4 c5 2. Nf3 e6 3. d4 cxd4 4. Nxd4 Qb6 5. Nb3 Qc7 6. Nc3 a6 7. Be2 b5 8. O-O
Bb7 9. f3 Nf6 10. Be3 d5 11. exd5 Nxd5 12. Nxd5 Bxd5 13. f4 Nd7 14. Bf3 Nf6 15.
Bd4 Rd8 16. Bxf6 gxf6 17. Bxd5 Rxd5 18. Qe2 Bc5+ 19. Kh1 O-O 20. c4 bxc4 21.
Qxc4 Bd6 22. Qxc7 Bxc7 23. Rac1 Bb8 24. g3 Rfd8 25. Rc4 Kg7 26. Kg2 e5 27. Ra4
R8d6 28. Rc1 Ba7 29. Rc2 Kg6 30. Rc8 Kg7 31. Ra8 Bd4 32. R8xa6 Bxb2 33. Rxd6
Rxd6 34. Kf2 h5 35. Ke2 Kg6 36. f5+ Kg5 37. Ra8 Kg4 38. Rg8+ Kh3 39. Rh8 Kxh2
40. Kf3 Rd3+ 41. Kf2 Rxg3 42. Rxh5+ Rh3 43. Rxh3+ Kxh3 44. Kf3 Ba3 45. Nd2 Kh4
46. Nc4 Bc5 47. a4 Kg5 48. Ke4 Kg4 49. a5 Kg5 50. a6 Kg4 51. Na5 1-0

[Event "Politiken Cup 2007"]
[Site "Helsingor"]
[Date "2007.07.29"]
[Round "10.68"]
[White "Thorvaldsson, Arni"]
[Black "Vas, Peter"]
[Result "0-1"]
[WhiteElo "1947"]
[BlackElo "2166"]
[PlyCount "98"]
[EventDate "2007.??.??"]

1. e4 e5 2. Bc4 Nf6 3. d3 d5 4. exd5 Nxd5 5. Nf3 Nc6 6. O-O Bc5 7. Re1 O-O 8.
Nbd2 Re8 9. Ne4 Be7 10. Bd2 h6 11. Bb5 Bf8 12. Bxc6 bxc6 13. d4 f5 14. Ng3 e4
15. Ne5 Bd6 16. Nc4 Nf6 17. c3 f4 18. Nxd6 Qxd6 19. Nh5 g5 20. Nxf6+ Qxf6 21.
Qh5 Bf5 22. c4 Kh7 23. Bc3 Bg6 24. Qh3 Qf7 25. g4 Qxc4 26. Qg2 Qd5 27. b3 h5
28. Rac1 h4 29. h3 Qd6 30. Bb2 Bf7 31. Rc5 Bd5 32. Qf1 a5 33. Ba3 a4 34. b4
Bxa2 35. Rxg5 Bd5 36. Qe2 Rh8 37. Bb2 Qxb4 38. Rh5+ Kg6 39. Re5 Rae8 40. Ba1
Qb3 41. Kh2 a3 42. g5 Rxe5 43. dxe5 Qf3 44. Qc2 Rb8 45. Rd1 Kh5 46. e6 Bxe6 47.
g6 Qxh3+ 48. Kg1 f3 49. Qc5+ Kg4 0-1

[Event "Politiken Cup 2007"]
[Site "Helsingor"]
[Date "2007.07.29"]
[Round "10.69"]
[White "Christensen, Janus"]
[Black "Preuss, Flemming"]
[Result "1-0"]
[WhiteElo "2137"]
[BlackElo "2013"]
[PlyCount "81"]
[EventDate "2007.??.??"]

1. d4 Nf6 2. c4 e5 3. dxe5 Ng4 4. Nf3 Bc5 5. e3 Nc6 6. Nc3 Ngxe5 7. Be2 O-O 8.
O-O Nxf3+ 9. Bxf3 Ne5 10. Be4 d6 11. b3 f5 12. Bc2 Qh4 13. g3 Qe7 14. Nd5 Qf7
15. b4 c6 16. bxc5 cxd5 17. cxd5 dxc5 18. Bb2 Nc4 19. Bc3 Nd6 20. f3 Bd7 21. a4
b6 22. Qd3 b5 23. e4 b4 24. Be5 Qe7 25. Bf4 g5 26. Be3 Rac8 27. Rae1 c4 28. Qd4
b3 29. Bd2 c3 30. Bxc3 Rxc3 31. Qxc3 bxc2 32. e5 Qg7 33. Qxc2 Rc8 34. Qb3 Nc4
35. Rc1 Nxe5 36. Rxc8+ Bxc8 37. Qb8 Qd7 38. Qxe5 Bb7 39. Rc1 Qxd5 40. Rc8+ Kf7
41. Rc7+ 1-0

[Event "Politiken Cup 2007"]
[Site "Helsingor"]
[Date "2007.07.29"]
[Round "10.70"]
[White "Andersen, Dag"]
[Black "Finnlaugsson, Gunnar"]
[Result "0-1"]
[WhiteElo "1944"]
[BlackElo "2116"]
[PlyCount "42"]
[EventDate "2007.??.??"]

1. d4 Nf6 2. Nf3 c5 3. d5 e6 4. dxe6 fxe6 5. c4 b5 6. cxb5 d5 7. e3 Bd6 8. Nc3
Nbd7 9. Be2 O-O 10. O-O Bb7 11. b3 Qe7 12. Bb2 e5 13. Qb1 d4 14. Bc4+ Kh8 15.
exd4 cxd4 16. Ne2 Ne4 17. Qd3 Ndc5 18. Qd1 Rxf3 19. gxf3 Ng5 20. Nxd4 exd4 21.
Be2 Qe5 0-1

[Event "Politiken Cup 2007"]
[Site "Helsingor"]
[Date "2007.07.29"]
[Round "10.71"]
[White "Wilsbeck, Jan B"]
[Black "Cannon, Richard J"]
[Result "1/2-1/2"]
[WhiteElo "1925"]
[BlackElo "2104"]
[PlyCount "76"]
[EventDate "2007.??.??"]

1. e4 e6 2. d4 d5 3. Nc3 Nf6 4. e5 Nfd7 5. f4 c5 6. Nf3 Nc6 7. Be3 a6 8. Qd2 b5
9. Qf2 Qb6 10. Rd1 cxd4 11. Nxd4 Nxd4 12. Bxd4 Bc5 13. b4 Bxd4 14. Qxd4 Qxd4
15. Rxd4 Nb6 16. Be2 Bb7 17. Kd2 Rc8 18. Ra1 O-O 19. a4 bxa4 20. Nxa4 Nd7 21.
c4 f6 22. exf6 gxf6 23. cxd5 exd5 24. Bf3 f5 25. Bxd5+ Bxd5 26. Rxd5 Nf6 27.
Rd4 Ne4+ 28. Kd1 Rc6 29. Nc5 Nxc5 30. bxc5 Rfc8 31. Rd5 Rxc5 32. Rxc5 Rxc5 33.
Rxa6 Kg7 34. Ke2 Rc3 35. Re6 h5 36. Kf2 Ra3 37. Re3 Ra2+ 38. Re2 Ra3 1/2-1/2

[Event "Politiken Cup 2007"]
[Site "Helsingor"]
[Date "2007.07.29"]
[Round "10.72"]
[White "Hirneise, Jens"]
[Black "Rasmussen, Morten"]
[Result "1-0"]
[WhiteElo "2090"]
[BlackElo "1958"]
[PlyCount "69"]
[EventDate "2007.??.??"]

1. e4 e5 2. Nf3 Nf6 3. Nxe5 d6 4. Nf3 Nxe4 5. d4 d5 6. Bd3 Nc6 7. O-O Be7 8. c4
Nb4 9. Be2 O-O 10. a3 Nc6 11. cxd5 Qxd5 12. Nc3 Nxc3 13. bxc3 Bf5 14. Re1 Rfe8
15. Bf4 Rac8 16. c4 Qd7 17. d5 Nb8 18. Ne5 Qd8 19. Bg4 Bxg4 20. Qxg4 Bf6 21.
Rad1 Bxe5 22. Bxe5 f6 23. Bc3 Qd7 24. Re6 Qf7 25. Rxf6 Qe7 26. Re6 Qf7 27. Rde1
Rxe6 28. Rxe6 Nd7 29. Qe2 Nf6 30. Rxf6 gxf6 31. Qg4+ Qg6 32. Qxc8+ Kg7 33.
Qxc7+ Kh6 34. Qf4+ Kg7 35. Qg3 1-0

[Event "Politiken Cup 2007"]
[Site "Helsingor"]
[Date "2007.07.29"]
[Round "10.73"]
[White "Nohr, Finn"]
[Black "Nurmi, Timo"]
[Result "1-0"]
[WhiteElo "2087"]
[BlackElo "2008"]
[PlyCount "39"]
[EventDate "2007.??.??"]

1. e4 c6 2. d4 g6 3. Nc3 Bg7 4. f4 d5 5. e5 h5 6. Be3 Nh6 7. h3 a6 8. Nf3 Nf5
9. Bf2 h4 10. Bd3 e6 11. Ne2 Bf8 12. O-O Nd7 13. c3 b6 14. Kh2 Be7 15. Rg1 Rh5
16. g4 hxg3+ 17. Nxg3 Rh8 18. Nxf5 exf5 19. e6 Nf8 20. exf7+ 1-0

[Event "Politiken Cup 2007"]
[Site "Helsingor"]
[Date "2007.07.29"]
[Round "10.74"]
[White "Jensen, Michael Agermose"]
[Black "Rasmussen, Henning"]
[Result "1-0"]
[WhiteElo "2086"]
[BlackElo "1902"]
[PlyCount "107"]
[EventDate "2007.??.??"]

1. e4 c5 2. Nf3 Nc6 3. d4 cxd4 4. Nxd4 Nf6 5. Nc3 e5 6. Ndb5 d6 7. Bg5 a6 8.
Na3 Be7 9. Bxf6 Bxf6 10. Nc4 Be7 11. Ne3 Be6 12. Ncd5 O-O 13. Bd3 Bg5 14. h4
Bxe3 15. Nxe3 Ne7 16. Qh5 f6 17. c3 Qe8 18. Qe2 Qf7 19. O-O d5 20. exd5 Nxd5
21. Nxd5 Bxd5 22. Rfd1 Kh8 23. Bc2 Bc6 24. Bb3 Qg6 25. Bd5 Bxd5 26. Rxd5 Rad8
27. Qd2 Rxd5 28. Qxd5 Qf7 29. Rd1 Qxd5 30. Rxd5 Kg8 31. Kf1 Rf7 32. Ke2 Rc7 33.
Kd3 Kf7 34. c4 Ke6 35. b3 g6 36. a4 f5 37. b4 Rg7 38. Rd8 h5 39. c5 Re7 40.
Rd6+ Kf7 41. g3 Kg7 42. b5 axb5 43. axb5 Kf7 44. Kc4 e4 45. Kd5 e3 46. fxe3
Rxe3 47. Rd7+ Kf6 48. Rxb7 Rd3+ 49. Kc4 Rxg3 50. c6 Ke6 51. c7 Kd7 52. b6 Rg1
53. Rb8 Rc1+ 54. Kd3 1-0

[Event "Politiken Cup 2007"]
[Site "Helsingor"]
[Date "2007.07.29"]
[Round "10.75"]
[White "Christensen, Emilie Ellegaard"]
[Black "Hensbergen, Willem"]
[Result "0-1"]
[WhiteElo "1880"]
[BlackElo "2076"]
[PlyCount "56"]
[EventDate "2007.??.??"]

1. d4 Nf6 2. c4 c5 3. d5 e6 4. Nc3 exd5 5. cxd5 d6 6. e4 g6 7. f4 Qe7 8. Bb5+
Bd7 9. Bxd7+ Nbxd7 10. Qd3 O-O-O 11. Nf3 Nxe4 12. O-O f5 13. Re1 Re8 14. b4 Bg7
15. Bb2 Kb8 16. a3 h6 17. Rac1 Qd8 18. Ba1 cxb4 19. Nxe4 fxe4 20. Rxe4 Bxa1 21.
Rxa1 Nc5 22. Rxe8 Qxe8 23. Qc2 Qe3+ 24. Kh1 b3 25. Qxg6 Ne4 26. h4 b2 27. Rb1
Qc1+ 28. Rxc1 bxc1=Q+ 0-1

[Event "Politiken Cup 2007"]
[Site "Helsingor"]
[Date "2007.07.29"]
[Round "10.76"]
[White "Getz, Nicolai"]
[Black "Aanstad, Magnus"]
[Result "1-0"]
[WhiteElo "2060"]
[BlackElo "1818"]
[PlyCount "47"]
[EventDate "2007.??.??"]

1. e4 c5 2. Nf3 Nc6 3. d4 cxd4 4. Nxd4 Nf6 5. Nc3 e5 6. Ndb5 d6 7. Bg5 a6 8.
Na3 b5 9. Nd5 Qa5+ 10. Bd2 Qd8 11. Bg5 Qa5+ 12. Bd2 Qd8 13. c4 b4 14. Nc2 Nxe4
15. Ncxb4 Nxb4 16. Bxb4 Rb8 17. Bd3 Nc5 18. Bc2 Bd7 19. Qd2 Nb7 20. O-O Be7 21.
f4 e4 22. Bxe4 O-O 23. Nxe7+ Qxe7 24. Bxb7 1-0

[Event "Politiken Cup 2007"]
[Site "Helsingor"]
[Date "2007.07.29"]
[Round "10.77"]
[White "Doran, Chris"]
[Black "Palsson, Svanberg Mar"]
[Result "1-0"]
[WhiteElo "2060"]
[BlackElo "1817"]
[PlyCount "41"]
[EventDate "2007.??.??"]

1. e4 c5 2. Nf3 d6 3. d4 cxd4 4. Nxd4 Nf6 5. Nc3 a6 6. Bg5 e6 7. f4 Be7 8. Qf3
Qc7 9. O-O-O b5 10. e5 Bb7 11. Qg3 b4 12. exd6 Bxd6 13. Ndb5 axb5 14. Nxb5 Qb6
15. Nxd6+ Ke7 16. Bc4 Ba6 17. Bxf6+ gxf6 18. Qg7 Rf8 19. Nf5+ Ke8 20. Qxf6 Nc6
21. Ng7# 1-0

[Event "Politiken Cup 2007"]
[Site "Helsingor"]
[Date "2007.07.29"]
[Round "10.78"]
[White "Almasy, Alexander"]
[Black "Vigfusson, Vigfus"]
[Result "0-1"]
[WhiteElo "1752"]
[BlackElo "2059"]
[PlyCount "70"]
[EventDate "2007.??.??"]

1. d4 Nf6 2. c4 e6 3. Nf3 d5 4. Nc3 Nbd7 5. Bg5 Be7 6. e3 c6 7. Bd3 O-O 8. O-O
dxc4 9. Bxc4 b5 10. Bd3 a6 11. Qe2 c5 12. Rfd1 c4 13. Bc2 Nd5 14. Bxe7 Qxe7 15.
e4 N5b6 16. Rd2 Bb7 17. Re1 b4 18. Nd1 a5 19. Ne3 Ba6 20. Qd1 c3 21. bxc3 bxc3
22. Rd3 Rac8 23. d5 Bxd3 24. Qxd3 e5 25. Nf5 Qc5 26. N3h4 g6 27. Nh6+ Kh8 28.
Qh3 Rc7 29. Nf3 f6 30. Qe6 Kg7 31. Ng4 Rf7 32. d6 Rc6 33. Bb3 Nc4 34. Rd1 Rxd6
35. Rxd6 Nxd6 0-1

[Event "Politiken Cup 2007"]
[Site "Helsingor"]
[Date "2007.07.29"]
[Round "10.79"]
[White "Jensen, Morten Frank"]
[Black "Nilsson, Ulf"]
[Result "1/2-1/2"]
[WhiteElo "2054"]
[BlackElo "1800"]
[PlyCount "100"]
[EventDate "2007.??.??"]

1. e4 c6 2. d4 d5 3. e5 Bf5 4. h4 h5 5. c4 dxc4 6. Bxc4 e6 7. Nf3 Bg4 8. Be2
Nh6 9. Bg5 Qa5+ 10. Kf1 Nf5 11. Nbd2 Be7 12. Bxe7 Kxe7 13. Nc4 Qd5 14. Ne3
Nxe3+ 15. fxe3 Nd7 16. Kf2 f6 17. Qc2 Bf5 18. Bd3 Bxd3 19. Qxd3 Raf8 20. Qa3+
Kd8 21. Kg3 Kc7 22. Rad1 g5 23. hxg5 fxg5 24. Qd6+ Qxd6 25. exd6+ Kxd6 26. Nxg5
Rhg8 27. Kh4 Rf5 28. Ne4+ Ke7 29. Kh3 Rg4 30. Ng3 Rfg5 31. Nxh5 Rxg2 32. Kh4
Rg8 33. Rdf1 Rh8 34. Rh3 Nf8 35. Rhf3 Rh2+ 36. Kg3 R2xh5 37. Rf7+ Ke8 38. Rxb7
Rb5 39. Rxa7 Rg8+ 40. Kf3 Rf5+ 41. Ke2 Rg2+ 42. Ke1 Rxf1+ 43. Kxf1 Rxb2 44. a4
Nd7 45. a5 Kd8 46. a6 Kc8 47. Ra8+ Rb8 48. Ra7 Rb2 49. Ra8+ Rb8 50. Ra7 Rb2
1/2-1/2

[Event "Politiken Cup 2007"]
[Site "Helsingor"]
[Date "2007.07.29"]
[Round "10.80"]
[White "Hansen, Anders"]
[Black "Szalai, Janos"]
[Result "1/2-1/2"]
[WhiteElo "2053"]
[BlackElo "1784"]
[PlyCount "28"]
[EventDate "2007.??.??"]

1. d4 d5 2. Nf3 Nf6 3. c4 c6 4. e3 e6 5. Nc3 Be7 6. Bd3 dxc4 7. Bxc4 b5 8. Bd3
Bb7 9. O-O Nbd7 10. e4 b4 11. e5 bxc3 12. exf6 Nxf6 13. bxc3 O-O 14. Bf4 c5
1/2-1/2

[Event "Politiken Cup 2007"]
[Site "Helsingor"]
[Date "2007.07.29"]
[Round "10.81"]
[White "Suntharalingam, Jathavan"]
[Black "Markgraf, Claudia"]
[Result "0-1"]
[WhiteElo "1540"]
[BlackElo "2049"]
[PlyCount "38"]
[EventDate "2007.??.??"]

1. e4 Nf6 2. e5 Nd5 3. d4 d6 4. c4 Nb6 5. f4 Bf5 6. Nf3 dxe5 7. fxe5 e6 8. Nc3
Nc6 9. a3 Bg4 10. c5 Bxf3 11. Qxf3 Nxd4 12. Qxb7 Nc2+ 13. Ke2 Bxc5 14. Nb5 O-O
15. b4 Nxa1 16. bxc5 Nb3 17. Be3 Nd5 18. c6 Rb8 19. Qa6 Rxb5 0-1

[Event "Politiken Cup 2007"]
[Site "Helsingor"]
[Date "2007.07.29"]
[Round "10.82"]
[White "Jensen, Ib"]
[Black "Moustgaard, Alvin"]
[Result "1/2-1/2"]
[WhiteElo "2047"]
[BlackElo "1607"]
[PlyCount "116"]
[EventDate "2007.??.??"]

1. d4 f5 2. Bf4 Nf6 3. e3 e6 4. Bd3 b6 5. Nf3 Bb7 6. c4 Bb4+ 7. Nc3 O-O 8. O-O
Bxc3 9. bxc3 Nc6 10. d5 Ne7 11. d6 cxd6 12. Bxd6 Ne8 13. c5 Nxd6 14. cxd6 Ng6
15. Be2 Rc8 16. Qb3 Kh8 17. Rfd1 e5 18. Ne1 e4 19. c4 f4 20. f3 Qg5 21. fxe4
Bxe4 22. Bf3 fxe3 23. Bxe4 e2 24. Nf3 exd1=Q+ 25. Rxd1 Qc5+ 26. Kh1 Qxc4 27.
Qxc4 Rxc4 28. Bxg6 hxg6 29. Ne5 Rc2 30. Nxg6+ Kg8 31. Nxf8 Kxf8 32. Rf1+ Kg8
33. Ra1 Rd2 34. Kg1 Rxd6 35. Kf2 Kf7 36. Kf3 Kf6 37. h4 Rd4 38. g4 d5 39. Rc1
Rc4 40. Rd1 Ke5 41. Re1+ Kd6 42. h5 d4 43. g5 Rc5 44. Kf4 d3 45. Rd1 Rd5 46. h6
gxh6 47. gxh6 Rh5 48. Rxd3+ Kc7 49. Ke4 Rxh6 50. Rg3 Kb7 51. Kd5 Rh2 52. Ra3
Rc2 53. Kd4 a5 54. Kd3 Rc5 55. Kd2 Ka6 56. Re3 a4 57. a3 Ka5 58. Re8 Kb5
1/2-1/2

[Event "Politiken Cup 2007"]
[Site "Helsingor"]
[Date "2007.07.29"]
[Round "10.83"]
[White "Petersen, Nils"]
[Black "Guttulsrud, Odd Martin"]
[Result "1/2-1/2"]
[WhiteElo "2026"]
[BlackElo "1426"]
[PlyCount "82"]
[EventDate "2007.??.??"]

1. c4 e6 2. e4 d5 3. exd5 exd5 4. d4 c6 5. Nc3 Nf6 6. Nf3 Be7 7. b3 O-O 8. Be2
Bf5 9. O-O Ne4 10. Nxe4 Bxe4 11. Ne5 Nd7 12. f3 Bf5 13. Bb2 Bd6 14. Bd3 Bxd3
15. Qxd3 Re8 16. Rae1 Re6 17. cxd5 cxd5 18. Qf5 Qe7 19. Nd3 Nf6 20. Rxe6 fxe6
21. Qg5 Rc8 22. Qd2 Rc6 23. Rc1 Qc7 24. g3 Qb6 25. Rxc6 bxc6 26. Kg2 Kf7 27.
Bc3 Nd7 28. b4 Qc7 29. a4 Nb6 30. Nb2 e5 31. a5 Nd7 32. Qg5 exd4 33. Bxd4 Be5
34. Qh5+ Kf8 35. Qf5+ Ke7 36. Bxe5 Qxe5 37. Qxe5+ Nxe5 38. f4 Nd7 39. Kf3 c5
40. b5 Kd6 41. Ke3 h5 1/2-1/2

[Event "Politiken Cup 2007"]
[Site "Helsingor"]
[Date "2007.07.29"]
[Round "10.84"]
[White "Andersen, Lars Rene"]
[Black "Andersen, Harry"]
[Result "1-0"]
[WhiteElo "2081"]
[BlackElo "1912"]
[PlyCount "57"]
[EventDate "2007.??.??"]

1. e4 e5 2. Nf3 Nc6 3. Bb5 a6 4. Ba4 b5 5. Bb3 Na5 6. Bxf7+ Kxf7 7. Nxe5+ Ke7
8. Nc3 Nf6 9. d4 d6 10. Nd3 Kf7 11. e5 dxe5 12. dxe5 Bb4 13. Nxb4 Qxd1+ 14.
Nxd1 Re8 15. f4 Ne4 16. Nd5 Rd8 17. N1e3 Bb7 18. e6+ Kg8 19. Nxc7 Rac8 20. e7
Re8 21. Nxe8 Rxe8 22. O-O Rxe7 23. a4 b4 24. Rd1 Kf7 25. Nf5 Rc7 26. Nd4 Nc4
27. b3 Nc3 28. Re1 Rd7 29. Ne6 1-0

[Event "Politiken Cup 2007"]
[Site "Helsingor"]
[Date "2007.07.29"]
[Round "10.85"]
[White "Ziska, Andrias"]
[Black "Mathiesen, Erik"]
[Result "0-1"]
[WhiteElo "1901"]
[BlackElo "2060"]
[PlyCount "92"]
[EventDate "2007.??.??"]

1. e4 c5 2. Nf3 Nc6 3. d4 cxd4 4. Nxd4 Qb6 5. Nb3 Nf6 6. Bd3 Nxe4 7. Be3 Qb4+
8. c3 Qa4 9. O-O Nf6 10. N1d2 Qh4 11. Nf3 Qh5 12. Be2 Ng4 13. Bf4 Qf5 14. Bg3
d6 15. Re1 Nge5 16. Nfd4 Qf6 17. Nb5 Kd8 18. Nc5 a6 19. Na3 Kc7 20. Ne4 Qf5 21.
f3 g5 22. Nc2 h5 23. Ne3 Qg6 24. Nd5+ Kb8 25. Nb6 h4 26. Bxe5 Nxe5 27. Nxa8
Kxa8 28. Nf2 f5 29. Qc2 Bg7 30. Rad1 Qh6 31. Rd4 g4 32. fxg4 fxg4 33. Bxg4 Nxg4
34. Rxg4 Bxg4 35. Nxg4 Qg5 36. h3 Rf8 37. Qe4 e5 38. Qd5 Qe7 39. Ne3 Bh6 40.
Nc4 Qf6 41. Qd1 Qf2+ 42. Kh1 Qg3 43. Nb6+ Ka7 44. Nd5 Rf2 45. Rg1 Rd2 46. Qh5
Bg5 0-1

[Event "Politiken Cup 2007"]
[Site "Helsingor"]
[Date "2007.07.29"]
[Round "10.86"]
[White "Sihvonen, Tero"]
[Black "Korley, Kassa"]
[Result "0-1"]
[WhiteElo "2056"]
[BlackElo "1900"]
[PlyCount "148"]
[EventDate "2007.??.??"]

1. e4 c5 2. f4 g6 3. Nf3 Bg7 4. Nc3 d6 5. Bc4 e6 6. O-O Ne7 7. Qe1 O-O 8. Be2
Nbc6 9. Nd1 a6 10. c3 d5 11. d3 b6 12. Qh4 Bb7 13. e5 d4 14. c4 b5 15. Ng5 h6
16. Ne4 Qb6 17. b3 Nf5 18. Qh3 Na7 19. Ndf2 h5 20. g4 hxg4 21. Bxg4 f6 22. exf6
Bxf6 23. Bf3 Kg7 24. Nxf6 Rxf6 25. Bxb7 Qxb7 26. Ne4 Rh8 27. Qf3 Nh4 28. Qg4
Rf5 29. Nd6 Qc6 30. Nxf5+ exf5 31. Qg3 Nc8 32. Bd2 Ne7 33. Rae1 Ng8 34. Kf2 Kf7
35. Ke2 Nf6 36. h3 bxc4 37. bxc4 Re8+ 38. Kf2 Rh8 39. Re2 Ne4+ 40. dxe4 fxe4
41. Rb1 Nf5 42. Qg2 e3+ 43. Kg1 Qxg2+ 44. Kxg2 exd2 45. Rb7+ Kf6 46. Rxd2 Ne3+
47. Kg1 Rc8 48. Rb6+ Kf5 49. Rxa6 Nxc4 50. Rg2 Ne3 51. Rgxg6 c4 52. Kf2 Ke4 53.
a4 c3 54. a5 Kd3 55. Rac6 Rxc6 56. Rxc6 Nc4 57. a6 c2 58. Rxc4 Kxc4 59. a7 c1=Q
60. a8=Q Qxf4+ 61. Kg2 Qg5+ 62. Kf3 Qe3+ 63. Kg4 d3 64. Qa2+ Kc3 65. Qa1+ Kd2
66. h4 Ke2 67. Qa6 Qf3+ 68. Kg5 Kf2 69. Qa2+ Qe2 70. Qf7+ Ke1 71. Qf4 d2 72.
Qg3+ Kf1 73. Qf4+ Kg1 74. Qd4+ Kh1 0-1

[Event "Politiken Cup 2007"]
[Site "Helsingor"]
[Date "2007.07.29"]
[Round "10.87"]
[White "Jorgensen, Arne Bjorn"]
[Black "Hernandez Castro, Julio Cesar"]
[Result "1-0"]
[WhiteElo "2049"]
[BlackElo "1898"]
[PlyCount "77"]
[EventDate "2007.??.??"]

1. Nf3 Nf6 2. d4 g6 3. g3 Bg7 4. Bg2 O-O 5. O-O d6 6. c4 a6 7. Nc3 Nc6 8. h3
Rb8 9. a4 Bd7 10. e4 Na5 11. b3 c5 12. Be3 cxd4 13. Nxd4 Nc6 14. Rc1 b5 15.
Nxc6 Bxc6 16. e5 dxe5 17. Bxc6 Qc8 18. cxb5 axb5 19. Nxb5 Qxh3 20. Bg2 Qf5 21.
Qf3 Qe6 22. Bc5 e4 23. Qd1 Rfd8 24. Qc2 Rbc8 25. b4 Bh6 26. Rcd1 e3 27. Rxd8+
Rxd8 28. fxe3 Bxe3+ 29. Bxe3 Qxe3+ 30. Qf2 Qh6 31. Qf4 g5 32. Qf3 Rd2 33. Nc3
Qg6 34. Qf5 Qh5 35. Ne4 Nxe4 36. Qxe4 g4 37. a5 f5 38. Qe3 Rb2 39. Qe6+ 1-0

[Event "Politiken Cup 2007"]
[Site "Helsingor"]
[Date "2007.07.29"]
[Round "10.88"]
[White "Schmidt, Horst Hubert"]
[Black "Rosenkilde, Alexander"]
[Result "1-0"]
[WhiteElo "1896"]
[BlackElo "2047"]
[PlyCount "41"]
[EventDate "2007.??.??"]

1. d4 Nf6 2. c4 e6 3. Nc3 Bb4 4. Qc2 b6 5. Bg5 Bb7 6. f3 c5 7. d5 h6 8. Bxf6
Qxf6 9. e4 O-O 10. Rc1 Re8 11. Kf2 Qd4+ 12. Kg3 exd5 13. cxd5 Re5 14. h4 c4 15.
Nb5 Qe3 16. Bxc4 a6 17. Nc3 g5 18. Nge2 Bd6 19. Kh3 Qf2 20. Ng3 Rxe4 21. Ncxe4
1-0

[Event "Politiken Cup 2007"]
[Site "Helsingor"]
[Date "2007.07.29"]
[Round "10.89"]
[White "Svendsen, Peter"]
[Black "Sigurdsson, Pall"]
[Result "1-0"]
[WhiteElo "2015"]
[BlackElo "1893"]
[PlyCount "43"]
[EventDate "2007.??.??"]

1. d4 Nf6 2. c4 g6 3. Nc3 Bg7 4. e4 d6 5. Bg5 h6 6. Bh4 O-O 7. f4 Nbd7 8. Bd3
c5 9. d5 Qa5 10. Qd2 a6 11. Nf3 Re8 12. O-O Rb8 13. Rae1 b5 14. e5 dxe5 15.
fxe5 Ng4 16. Qf4 bxc4 17. e6 fxe6 18. dxe6 Rf8 19. Qxg4 Nf6 20. Bxf6 Rxf6 21.
Bxg6 Rxb2 22. Nd5 1-0

[Event "Politiken Cup 2007"]
[Site "Helsingor"]
[Date "2007.07.29"]
[Round "10.90"]
[White "Jensen, Soren Holm"]
[Black "Cromsight, Jeroen"]
[Result "1/2-1/2"]
[WhiteElo "2004"]
[BlackElo "1872"]
[PlyCount "20"]
[EventDate "2007.??.??"]

1. e4 e5 2. Nf3 Nc6 3. Bb5 a6 4. Ba4 Nf6 5. O-O Nxe4 6. d4 b5 7. Bb3 d5 8. dxe5
Be6 9. c3 Bc5 10. Qe2 O-O 1/2-1/2

[Event "Politiken Cup 2007"]
[Site "Helsingor"]
[Date "2007.07.29"]
[Round "10.91"]
[White "Nordin, Eric"]
[Black "Werner, Gert"]
[Result "1-0"]
[WhiteElo "1843"]
[BlackElo "2003"]
[PlyCount "93"]
[EventDate "2007.??.??"]

1. e4 g6 2. d4 Bg7 3. Nc3 c6 4. f4 d5 5. e5 h5 6. Nf3 Bg4 7. h3 Bxf3 8. Qxf3 e6
9. Bd3 Nd7 10. Be3 Ne7 11. O-O-O h4 12. g4 hxg3 13. Qxg3 Rh7 14. f5 Nxf5 15.
Bxf5 gxf5 16. Bg5 Bh6 17. h4 Nf8 18. Kb1 Bxg5 19. hxg5 Rxh1 20. Rxh1 Ng6 21.
Ne2 Kd7 22. Nf4 Nxf4 23. Qxf4 Qg8 24. Rh6 Qg7 25. Qh4 Rg8 26. g6 Kc8 27. a3
fxg6 28. Rh7 Qf8 29. Re7 Rg7 30. Rxe6 f4 31. Rf6 Rf7 32. Qg4+ Kd8 33. Qxg6 Rxf6
34. exf6 Qe8 35. Qg5 Kd7 36. Qxf4 Ke6 37. Qe5+ Kd7 38. Kc1 Qe6 39. Kd2 a5 40.
a4 b6 41. c3 c5 42. b3 c4 43. bxc4 dxc4 44. Qxe6+ Kxe6 45. Ke3 Kxf6 46. Ke4 b5
47. Kd5 1-0

[Event "Politiken Cup 2007"]
[Site "Helsingor"]
[Date "2007.07.29"]
[Round "10.92"]
[White "Brorsen, Jacob Abildlund"]
[Black "Green, Per"]
[Result "1/2-1/2"]
[WhiteElo "1818"]
[BlackElo "1997"]
[PlyCount "86"]
[EventDate "2007.??.??"]

1. f4 Nf6 2. Nf3 c5 3. g3 Nc6 4. Bg2 g6 5. O-O Bg7 6. d3 d5 7. c3 O-O 8. Qe1 d4
9. Kh1 Be6 10. Nbd2 Qd7 11. Ng5 Bf5 12. Nde4 b6 13. Bd2 h6 14. Nxf6+ Bxf6 15.
Ne4 Bg7 16. Qf2 Bh3 17. Bxh3 Qxh3 18. f5 Ne5 19. fxg6 fxg6 20. Qg2 Qe6 21. c4
Kh7 22. Rf4 Rxf4 23. gxf4 Nc6 24. Rg1 Rg8 25. Qg3 Qf5 26. Qf3 Nd8 27. Ng3 Qf7
28. f5 Be5 29. Qe4 Bxg3 30. fxg6+ Rxg6 31. hxg3 Kg7 32. Bf4 Ne6 33. Be5+ Kh7
34. Kg2 Ng5 35. Qa8 Rg8 36. Qc6 Qh5 37. Kf1 Rf8+ 38. Ke1 Qh2 39. Rf1 Rxf1+ 40.
Kxf1 Qh3+ 41. Ke1 Qh2 42. Kf1 Qh3+ 43. Ke1 Qh2 1/2-1/2

[Event "Politiken Cup 2007"]
[Site "Helsingor"]
[Date "2007.07.29"]
[Round "10.93"]
[White "Skovgaard, Tom"]
[Black "Minguez Greciano, Iluminada"]
[Result "0-1"]
[WhiteElo "1995"]
[BlackElo "1861"]
[PlyCount "68"]
[EventDate "2007.??.??"]

1. e4 c6 2. d4 d5 3. Nc3 dxe4 4. Nxe4 Bf5 5. Ng3 Bg6 6. h4 h6 7. Nf3 Nd7 8. h5
Bh7 9. Bd3 Bxd3 10. Qxd3 e6 11. Bd2 Ngf6 12. O-O-O Be7 13. Ne4 O-O 14. Nxf6+
Nxf6 15. Ne5 c5 16. dxc5 Qc7 17. f4 Qxc5 18. Kb1 Rfd8 19. Qe2 Rac8 20. Be3
Rxd1+ 21. Rxd1 Qb4 22. Rd4 Qa5 23. g4 Nd5 24. Bd2 Qb6 25. Rc4 Qg1+ 26. Bc1 Rd8
27. Nd3 b5 28. Rc6 Bd6 29. f5 exf5 30. Rxd6 Rxd6 31. Qe8+ Kh7 32. Ne5 Qe1 33.
gxf5 Nf6 34. Qxb5 Rd5 0-1

[Event "Politiken Cup 2007"]
[Site "Helsingor"]
[Date "2007.07.29"]
[Round "10.94"]
[White "Melkeraaen, Terje"]
[Black "Knudsen, Jes West"]
[Result "1-0"]
[WhiteElo "1801"]
[BlackElo "1990"]
[PlyCount "77"]
[EventDate "2007.??.??"]

1. d4 f5 2. g3 g6 3. Nf3 Bg7 4. Bg2 Nf6 5. c4 O-O 6. O-O d6 7. Nc3 Qe8 8. Qb3
a5 9. d5 Na6 10. Be3 Nh5 11. Bd4 Nc5 12. Qc2 f4 13. Bxg7 Bf5 14. Qd2 Kxg7 15.
Nd4 Qc8 16. Nxf5+ Qxf5 17. Nb5 Rac8 18. Qxa5 Qe5 19. Qc3 Na4 20. Qxe5+ dxe5 21.
b3 Nc5 22. Bh3 g5 23. Bxc8 Rxc8 24. Nc3 g4 25. b4 Na6 26. a3 Rf8 27. e4 Rf6 28.
Rac1 Nb8 29. Nb5 Na6 30. c5 Kf7 31. Rcd1 c6 32. d6 Nb8 33. dxe7 cxb5 34. Rd8
Re6 35. Rxb8 Rxe7 36. Rd1 Nf6 37. Rd6 Nxe4 38. Rb6 Nc3 39. R8xb7 1-0